| 000 | 01240nam a2200265Ia 4500 | ||
|---|---|---|---|
| 999 |
_c37844 _d37844 |
||
| 001 | 3822 | ||
| 003 | GE_BSU | ||
| 005 | 20190821174444.0 | ||
| 008 | 181216s1989||||ge |||||||||||||| ||geo|| | ||
| 020 | _a5520008844 | ||
| 040 | _cGE_BSU | ||
| 041 | _ageo | ||
| 080 | _a7.01+1(430)(092) შ–48 | ||
| 100 |
_aშენგელია, რომან _9909 |
||
| 245 |
_aესთეტიკა და გონების ერთიანობის პრობლემა კანტის ფილოსოფიაში / _cრედ.: ა. ციმინტია; საქ. სსრ მეცნ. აკად., ფილოსოფიის ინ-ტი. |
||
| 264 |
_aთბ. : _bმეცნიერება, _c1989. |
||
| 300 |
_a350 გვ. ; _b22 სმ. |
||
| 653 | _aესთეტიკა | ||
| 653 | _aგერმანული ფილოსოფია | ||
| 653 | _aგონების ფილოსოფია | ||
| 653 | _a კანტი, იმანუელ | ||
| 700 |
_aციმინტია, ა. _eრედაქტორი _93731 |
||
| 710 |
_aსაქ. სსრ მეცნ. აკად., ფილოსოფიის ინ-ტი. _93732 |
||
| 942 |
_cBK _2udc |
||